Interactions 1 Grammar

में बचाया:
ग्रंथसूची विवरण
मुख्य लेखक: Kirn, Elaine
अन्य लेखक: Jack, Darcy
स्वरूप: पुस्तक
भाषा:English
प्रकाशित: New York McGraw-Hill/Contemporary 2007
विषय:
टैग : टैग जोड़ें
कोई टैग नहीं, इस रिकॉर्ड को टैग करने वाले पहले व्यक्ति बनें!
Thư viện lưu trữ: Trung tâm Học liệu Lê Vũ Hùng, Trường Đại học Đồng Tháp
LEADER 00953pam a22002658a 4500
001 00024340
005 20171026081023.0
008 110717s2007 ||||||engsd
020 # # |a 0071258175 
041 0 # |a eng 
082 1 4 |a 428  |b I300N 
100 1 # |a Kirn, Elaine 
245 1 0 |a Interactions 1  |b Grammar  |c Elaine Kirn, Darcy Jack 
260 # # |a New York  |b McGraw-Hill/Contemporary  |c 2007 
300 # # |a xix, 329 p.  |b ill.  |c 25 cm. 
500 # # |a Includes index 
650 # 4 |a Ngữ pháp 
650 # 4 |a Tiếng anh 
700 1 # |a Jack, Darcy 
852 # # |b Kho giáo trình  |j KGT.0027672, KGT.0027673, KGT.0027674 
852 # # |b Kho mượn  |j KGT.0027672, KGT.0052533, KM.0020971, KM.0020972 
852 # # |b Kho đọc  |j KD.0009230 
852 # # |j KGT.0027673  |j KGT.0027674  |j KM.0020972  |j KGT.0027672  |j KGT.0052533  |j KM.0020971  |j KGT.0055105 
910 0 # |a Ntuyet  |d 17/07/2011 
980 # # |a Trung tâm Học liệu Lê Vũ Hùng, Trường Đại học Đồng Tháp